Quiz sur le 15e arrondissement de Paris - Statistiques

Statistiques générales
  • Ce quiz a été pris 41 fois
  • Le résultat moyen est 11 sur 20
Statistiques - réponses
Question Réponse % Correct
Quelle marque automobile française avait ses usines situées à Javel avant de devenir un parc de 13 hectares entouré de plusieurs bâtiments résidentiels ? Citroën
89%
Le 15e arrondissement est le plus ... de Paris peuplé
89%
À quel institut sont rattachés les prix Nobel de médécine Luc Montagnier et Françoise Barré-Sinoussi, qui découvrent le VIH en 1983 ? Institut {Pasteur}
87%
Quel grand centre commercial se situe au sein de l'ensemble immobilier précédent ? Beaugrenelle
76%
Quel grand parc aquatique se situe dans le sud-ouest de l'arrondissement ? Aquaboulevard
74%
Quel chanteur et poète sétois donne son nom à un grand parc bâti sur les anciens abattoirs de Vaugirard et surplombé par un beffroi ? Georges Brassens
66%
Sur quel site à Porte de Versailles se déroulent plusieurs salons, tels que le Salon de l'agriculture, le Mondial de l'automobile ou encore le Salon du livre ? Paris Expo Porte de Versailles (Parc des expositions)
66%
Nom de l'arrondissement Vaugirard
66%
Dans quel film de Christopher Nolan avec Leonardo DiCaprio, un quartier du 15e arrondissement se replie sur lui-même ? Inception
61%
Quelle joueuse de tennis française surnommée "la Divine" donne son nom au "court A" et à un parc omnisports ? Suzanne Lenglen
55%
Quartiers administratifs Javel
53%
Quartiers administratifs Grenelle
50%
Quel poète précurseur du surréalisme écrit Le pont Mirabeau en 1912 ? Guillaume Apollinaire
50%
Quelle île artificielle située entre le 15e et le 16e arrondissement, où se trouve une réplique de la statue de la Liberté, porte le nom d'un oiseau ? L'île aux {Cygnes}
47%
Quel général de l'Empire, connu pour son "mot", donne son nom à un square et une rue proche du boulevard Garibaldi ? Cambronne
37%
À 300 mètres près, sur quelle distance s'étend la rue de Vaugirard, la plus longue voie de Paris intra-muros ? 4360 m
32%
Quartiers administratifs Necker
32%
Quartiers administratifs Saint-Lambert
32%
Quel ensemble de bâtiments regroupant des états-majors des armées est surnommé en référence au Pentagone des États-Unis ? {Hexagone} Balard
21%
Quel quartier mixte (résidentiel et bureaux) en bord de Seine comporte une vingtaine d'immeubles aux styles variés de plus de 100 m de haut ? Le {Front} de Seine
21%
Aucun quiz correspondant
Distribution des résultats
% des personnes avec chaque résultat
Percentile par nombre de réponses
Votre historique - résultats
Vous n’avez pas pris ce quiz